Name All Fifa 21 86+ Players - Statistics

General Stats
  • This quiz has been taken 137 times
  • The average score is 33 of 62
Answer Stats
Profile Answer % Correct
Piemonte Calcio 92 Portugal Cristiano Ronaldo
99%
Barcelona 93 Argentina Lionel Messi
99%
Atletico Madrid 91 Slovenia Jan Oblak
88%
Manchester City 91 Belguim Kevin De Bruyne
85%
Bayern Munich 91 Poland Robert Lewandowski
85%
Liverpool 90 Senegal Sadio Mane
83%
Liverpool 90 Netherlands Virgil Van Dijk
83%
Paris Saint Germain 90 France Kylian Mbappe
81%
Paris Saint Germain 91 Brazil Neymar Jr
75%
Barcelona 90 Germany Marc Andre Ter Stegen
72%
Liverpool 90 Egypt Mohammed Salah
72%
Tottenham Hotspur 88 England Harry Kane
71%
Real Madrid 89 France Karim Benzema
71%
Real Madrid 88 Belgium Eden Hazard
70%
Real Madrid 89 Spain Sergio Ramos
70%
Real Madrid 89 Belguim Courtois
69%
Bayern Munich 89 Germany Manuel Neuer
67%
Manchester City 89 Argentina Sergio Aguero
67%
Real Madrid 88 Germany Toni Kroos
66%
Liverpool 90 Brazil Alisson Becker
65%
Bayern Munich 88 Germany Joshua Kimmich
65%
Chelsea 88 France Ngolo Kante
64%
Real Madrid 89 Brazil Casemiro
62%
Manchester City 88 Brazil Ederson
61%
Manchester City 88 England Raheem Sterling
60%
Real Madrid 87 Croatia Luka Modric
59%
Arsenal 87 Gabon Pierre Emerick Aubameyang
59%
Lazio 87 Italy Ciro Immobile
57%
Piemonte Calcio 88 Argentina Paulo Dybala
57%
Manchester United 87 Portugal Bruno Fernandes
56%
Manchester City 87 Portugal Bernardo Silva
54%
Real Sociedad 86 Spain David Silva
53%
Napoli 88 Senegal Kalidou Koulibaly
51%
Atletico Madrid 87 Uruguay Luis Suarez
50%
Liverpool 87 Brazil Roberto Firmino
50%
Bayern Munich 86 Germany Thomas Müller
50%
Paris Saint Germain 87 Argentina Angel Di Maria
48%
Liverpool 87 Brazil Fabinho
48%
Tottenham Hotspur 87 France Hugo Lloris
48%
Borussia Dortmund 87 England Jadon Sancho
46%
Paris Saint Germain 87 Costa Rica Keylor Navas
46%
Liverpool 87 Scotland Andrew Robertson
44%
Liverpool 87 England Trent Alexander Arnold
43%
Leicester City 86 England Jamie Vardy
42%
Barcelona 87 Spain Sergio Busquets
42%
Manchester City 87 france Aymeric Laporte
41%
Barcelona 86 Spain Gerard Pique
41%
Barcelona 87 France Antoine Griezmann
40%
Barcelona 86 Spain Jordi Alba
40%
Tottenham Hotspur 87 South Korea Hueng Min Son
39%
Manchester United 86 France Paul Pogba
38%
Real Madrid 86 France Varane
37%
Liverpool 86 England Jordan Henderson
36%
Manchester United 86 Spain De Gea
34%
Piemonte Calcio 87 Poland Szczesny
32%
Real Madrid 86 Spain Carvajal
27%
Borrusia Dortmund 86 Germany Mats Hummels
23%
Borrusia monchengladbach 86 Switzerland Yann Sommer
20%
Atalanta 86 Argentina Alejandro Gomez
16%
Paris Saint Germain 86 Italy Marco Verrati
15%
Piemonte Calcio 87 Italy Geogio Chiellini
0%
Inter Milan 88 Slovenia Samir Handandovic
0%
No matching quizzes found
Score Distribution
Percent of People with Each Score
Percentile by Number Answered
Your Score History
You have not taken this quiz